| 000 | 00724nam a2200205 a 4500 | ||
|---|---|---|---|
| 001 | 000042965 | ||
| 005 | 20201002040532.0 | ||
| 008 | 140213s1997 xxu 000 0 spa d | ||
| 020 | _a9977060096 | ||
| 040 |
_aDO-SdBNP _bspa _cBNPHU |
||
| 100 | 1 |
_aChinchilla, Laura _929678 |
|
| 245 | 1 | 3 |
_aLa prevención comunitaria del delito : _bperspectivas para América Latina / _cLaura Chinchilla, José Ma. Rico. |
| 260 |
_aMiami, Florida, : _bCentro para la Administración de Justicia, _c1997. |
||
| 300 |
_a72 p. ; _c21 cm. |
||
| 490 | 1 |
_aMonografias _v6 |
|
| 500 | _aIncluye notas a pie de páginas | ||
| 500 | _aIncluye datos biografícos de los autores | ||
| 700 | 1 |
_aRico, José Ma. _970460 |
|
| 830 | 0 |
_aMonografias _v6 _915334 |
|
| 999 |
_c42454 _d42454 |
||